LEADER 00994nam a2200265 u 4500 001 000000037694 003 CaOOAMICUS 005 20070226113808.0 008 980416s1931 li f u000 u lit u 035 $a10790430 040 $aPUL(R)$bita 110 1 $aLituania.$0(OLS)http://pul/name/28256 240 10$aLeggi, ecc.$9(Lituania).$0(OLS)http://pul/title/51265 245 10$aBaudziamasis statutas. 260 $aKaunas :$bLiteraturos knygyno leidimas,$c1930. 300 $a381 p. ;$c17 cm 500 $aContiene indici. 500 $aIn testa al front.: Neoficialinis Leidimas. 650 4$aDiritto civile$zLituania.$0(OLS)http://pul/subject/17983 850 $aPUL 852 $aPUL$W1$xDP2 Diritto e Scienze Sociali 1$y65$m170 A 30$j51499$nBK-PRI$qStampati$B51499$CPULBib$Z2$F51499 $82 941 1 $a8 961 $aINV: 5429 996 $6245$aBaudziamasis statutas$9(OLS)http://pul/title/51274 996 $6260$aKaunas :$bLiteraturos knygyno leidimas$9(OLS)http://pul/publisher/63415 LEADER 02275nam a2200433 a 4500 001 000000121175 003 CaOOAMICUS 005 20111117100722.0 008 100413m20092010it u000 u ita r 020 $z978-88-598-0486-4 (v. 1)* 020 $z978-88-598-0487-1 (v. 2)* 020 $z978-88-598-0521-2 (v. 3)* 040 $aPUL$bita$dReb 082 04$a346.45 245 00$aDelle successioni /$ca cura di Vincenzo Cuffaro, Francesco Delfini. 246 30$aLe successioni / 260 $aTorino :$bUTET Giuridica,$cİ2009-2010. 300 $a3 v. ;$c24 cm. 490 1 $aCommentario del codice civile / diretto da Enrico Gabrielli 504 $aBibliografia in nota. 505 0 $av. 1: artt. 456-564. -- v. 2: artt. 565-712. -- v. 3: artt. 713-768 octies leggi collegate. 650 4$aCodice civile$zItalia$xCommenti.$0(OLS)http://pul/subject/33992 650 4$aSuccessione (diritto).$0(OLS)http://pul/subject/1242 700 1 $aGabrielli, Enrico$b1956-$0(OLS)http://pul/name/44662 700 1 $aCuffaro, Vincenzo,$d1951-$0(OLS)http://pul/name/48395 700 1 $aDelfini, Francesco.$0(OLS)http://pul/name/75878 830 0$aCommentario del codice civile (UTET) ;$v01-02-03.$0(OLS)http://pul/title/152396 850 $aPUL 852 $aPUL$W1$xSL Diritto e Scienze Sociali 3$y79$m346. 45 GABEN 1.3.1$j138940$av. 1$qDDC 21$B138179$CPULBib$Z2$F138179 $H112718 $82 852 $aPUL$W1$xSL Diritto e Scienze Sociali 3$y79$m346. 45 GABEN 1.3.2$j139097$av. 2$qDDC 21$B138330$CPULBib$Z2$F138330 $H113331 $82 852 $aPUL$W1$xSL Diritto e Scienze Sociali 3$y79$m346. 45 GABEN 1.3.3$j139174$av. 3$qDDC 21$B138395$CPULBib$Z2$F138395 $H113482 $82 941 1 $a9 996 $6020$z978-88-598-0486-4 (v. 1)*$9(OLS)http://pul/number/143830 996 $6020$z978-88-598-0487-1 (v. 2)*$9(OLS)http://pul/number/143937 996 $6020$z978-88-598-0521-2 (v. 3)*$9(OLS)http://pul/number/143969 996 $6082$a346.45$9(OLS)http://pul/classification/372 996 $6245$aDelle successioni$9(OLS)http://pul/title/152398 996 $6246$aLe successioni$9(OLS)http://pul/title/131885 996 $6260$aTorino :$bUTET Giuridica$9(OLS)http://pul/publisher/79191